| 000 | 01556pam a2200325 a 4500 | ||
|---|---|---|---|
| 001 | 3369566 | ||
| 005 | 20070103161653.0 | ||
| 008 | 880104s1988 nyua f 001 0 eng | ||
| 010 | _a 87038146 | ||
| 020 |
_a0831112018 : _c$12.95 |
||
| 040 |
_aDLC _cDLC _dDLC |
||
| 050 | 0 | 0 |
_aTJ151 _b.A448 1988 |
| 082 | 0 | 0 |
_a621.80212 _219 _bMAC |
| 100 | 1 |
_aAmiss, John Milton, _d1887- _94970 |
|
| 245 | 1 | 0 |
_aMachinery's handbook guide to the use of tables and formulas : _bhundreds of examples and test questions on the use of tables, formulas, and general data in Machinery's handbook ... / _cby John M. Amiss, Franklin D. Jones, and Henry H. Ryffel. |
| 260 |
_aNew York, N.Y. : _bIndustrial Press, _cc1988. |
||
| 300 |
_ax, 230 p. : _bill. ; _c19 cm. |
||
| 500 | _aCover title: Machinery's handbook guide. | ||
| 500 | _a"23rd edition companion." | ||
| 500 | _a"This book should be used in conjunction with the twenty-third edition of Machinery's handbook." | ||
| 500 | _aIncludes index. | ||
| 650 | 0 |
_aMechanical engineering _xHandbooks, manuals, etc. _94971 |
|
| 700 | 1 |
_aJones, Franklin Day, _d1879-1967. _94972 |
|
| 700 | 1 |
_aRyffel, Henry H. _94973 |
|
| 740 | 0 | _aMachinery's handbook. | |
| 740 | 0 | _aMachinery's handbook guide. | |
| 942 |
_2ddc _cBB |
||
| 999 |
_c11582 _d11582 |
||